000 00630nam a2200133Ia 4500
008 171212s9999 xx 000 0 und d
020 _a9780833041913
100 _aKaye, Dalia Dassa;Kaye, Dalia Dassa
245 _cKaye, Dalia Dassa;Kaye, Dalia Dassa
_aTalking to the Enemy
_bTrack Two Diplomacy in the Middle East and South Asia
260 _bRAND Corporation
_c2007
650 _aConflict management -- Case studies; Arab-Israeli conflict -- 1993– -- Peace; Conflict management -- South Asia; Mediation, International; Security, International
650 _aPolitical Science
856 _uwww.jstor.org/stable/10.7249/mg592nsrd
999 _c352601
_d352601